| 000 | 01678nam a2200289 i 4500 | ||
|---|---|---|---|
| 999 |
_c7770 _d7770 |
||
| 001 | 991060891976506706 | ||
| 003 | OSt | ||
| 005 | 20230912122821.0 | ||
| 008 | 221212s2022 spcag|| |||| 0|0 mdcat d | ||
| 017 |
_aDL GI 1403-2022 _bBiblioteca de Catalunya |
||
| 020 | _a9788409444052 | ||
| 040 |
_aES-BaBC _bcat _erda _cCDMR |
||
| 080 |
_a821.134.1-1 _x"19" _22004 |
||
| 080 |
_a821.134.1Canyà, Llucieta.07 _22004 |
||
| 080 |
_a141.72 _22004 |
||
| 245 | 0 | 0 |
_aLlucieta Canyà, l'etern oblit : _buna escriptora en un món d'homes |
| 264 | 1 |
_aLa Bisbal d'Empordà : _bAssociació Indilletres, _c2022 |
|
| 300 |
_a293 pàgines : _bil·lustracions, música ; _c24 cm |
||
| 504 | _aInclou referències bibliogràfiques | ||
| 505 | 8 | _aConté: Una cambra on poder escriure / de Xavier Cortadellas -- Converses : parlant amb Llucieta Canyà / de Mercè Rodoreda -- Siluetes femenines / de Llucieta Canyà -- Petit diccionari de L'etern masculí / de Llucieta Canyà -- Tres poemes inédits / de Llucieta Canyà -- Partitures de dos poemes inédits de Llucieta Canyà / d'Emili Saló -- La clau de les victòries / de Judit Pujadó -- Llucieta Canyà, feminista i conservadora / de Xavier Cortadellas -- L'autoajuda segons la Llucieta Canyà / de Vicenç Pagès -- Llucieta Canyà, la feminista tèbia / Maria Àngels Cabré -- Llucieta Canyà, redactora de La veu de Catalunya / de Neus Real -- "Mon femení": selecció de cent articles de Llucieta Canyà | |
| 600 | 1 | 7 |
_aCanyà, Llucieta, _d1907-1980 _xCrítica i interpretació _2lemac |
| 650 | 0 |
_aDones periodistes _92913 _zCatalunya |
|
| 710 | 2 | _aAssociació Indilletres. | |
| 908 |
_aUAB _aBC |
||
| 940 | _aBC | ||
| 942 |
_2udc _cMON |
||